000 00565nam a22001817a 4500
003 BD-DhJNU
005 20250312072111.0
008 250312b |||||||| |||| 00| 0 eng d
040 _aBD-DhJNU
_bENG
_cBD-DhJNU
_dBD-DhJNU
082 _223
_a377.97
100 _aAli, A.K.M. Ayyub
245 _aHistory of traditional islamic education /
_cA.K.M. Ayyub Ali
260 _aDhaka :
_bIslamic Foundation Bangladesh,
_c1983.
300 _axxiii, 329 p. :
_c20 cm.
504 _aincludes bibliographical reference and index
650 _aIslamic Study
942 _2ddc
_cBK
_n0
999 _c1476
_d1476